[Event "Wuerttemberg-chT Rapid"]
[Site "Boeblingen"]
[Date "2024.04.13"]
[Round "2.17"]
[White "Fischer, Andre"]
[Black "Belica, Matej"]
[Result "1/2-1/2"]
[WhiteElo "2248"]
[BlackElo "2173"]
[PlyCount "24"]
[EventDate "2024.04.13"]
[EventType "team-tourn"]
[EventRounds "9"]
[EventCountry "GER"]
[SourceTitle "CB17_2024"]
[SourceDate "2024.04.24"]
[SourceVersion "1"]
[SourceVersionDate "2024.04.24"]
[SourceQuality "1"]

1. Nf3 c5 2. b3 Nc6 3. Bb2 d5 4. e3 Bg4 5. Bb5 Rc8 6. h3 Bxf3 7. Qxf3 a6 8. Bxc6+ Rxc6 9. 0-0 Nf6 10. d3 Qd6 11. Nd2 e5 12. Qg3 Nd7 1/2-1/2

[Event "Oberliga Wuerttemberg 2122"]
[Site "Wuerttemberg"]
[Date "2022.02.13"]
[Round "6.2"]
[White "Krockenberger, Martin"]
[Black "Fischer, Andre"]
[Result "1/2-1/2"]
[WhiteElo "2229"]
[BlackElo "2275"]
[PlyCount "203"]
[EventDate "2021.09.19"]
[EventType "team-tourn"]
[EventRounds "9"]
[EventCountry "GER"]
[SourceTitle "EXT 2023"]
[Source "ChessBase"]
[SourceDate "2022.10.05"]
[SourceVersion "1"]
[SourceVersionDate "2022.10.05"]
[SourceQuality "1"]
[WhiteTeam "Schmiden/Cannstatt"]
[BlackTeam "Biberach"]
[WhiteTeamCountry "GER"]
[BlackTeamCountry "GER"]

1. d4 Nf6 2. Bg5 Ne4 3. Bf4 c5 4. d5 e6 5. f3 Qa5+ 6. c3 Nf6 7. e4 exd5 8. exd5 d6 9. Kf2 Be7 10. c4 0-0 11. Nc3 Qd8 12. Bd3 Nh5 13. Bd2 f5 14. f4 g6 15. Nf3 Nd7 16. Re1 Ndf6 17. Kg1 Ng4 18. g3 Ng7 19. Re2 Bd7 20. Qf1 Bf6 21. h3 Nh6 22. Rae1 Qb6 23. Nd1 Rae8 24. Bc3 Bxc3 25. Nxc3 Nf7 26. Qg2 Rxe2 27. Rxe2 Nh5 28. Kh2 Qd8 29. Qg1 Re8 30. Qe1 Rxe2+ 31. Qxe2 Qe8 32. Qxe8+ Bxe8 33. Be2 Bd7 34. Kg2 Nf6 35. Kf2 Kf8 36. Ne1 Ke7 37. Ke3 Nh6 38. a3 Nf7 39. b4 b6 40. Nc2 Nd8 41. Na1 Nb7 42. Nb3 Kf7 43. b5 Ke7 44. Bf3 h6 45. Nd1 Kf7 46. Nf2 Ke7 47. Kd3 Kf7 48. Kc3 Bc8 49. a4 Ke7 50. Kb2 Nd8 51. a5 Nf7 52. a6 Kd8 53. Kc3 Kc7 54. Nd2 Kd8 55. Kd3 Bd7 56. Nb1 Bc8 57. Nc3 Bd7 58. Ke3 Bc8 59. Be2 h5 60. Kf3 Nh6 61. Bd3 Bd7 62. Nfd1 Bc8 63. Ne3 Bd7 64. Kf2 Bc8 65. Ng2 Nf7 66. Nh4 Nh8 67. Ke3 Bd7 68. Nf3 Nf7 69. Ng5 Nxg5 70. fxg5 Ng8 71. Ne2 Ke8 72. Nf4 Kf7 73. Be2 Ne7 74. Bd3 Bc8 75. Ng2 Bd7 76. Kf4 Bc8 77. Ne3 Bd7 78. Be2 Bc8 79. Nd1 Bd7 80. Nc3 Nc8 81. Na4 Kg7 82. Nc3 Kf7 83. Nd1 Ne7 84. Nf2 Nc8 85. h4 Ne7 86. Bd3 Nc8 87. Kf3 Ne7 88. Nh3 Bc8 89. Nf4 Bd7 90. Ke3 Bc8 91. Be2 Bd7 92. Bf3 Bc8 93. Kf2 Bd7 94. Ne2 Bc8 95. Nc3 Bd7 96. Ke3 Nc8 97. Kf4 Kg7 98. Be2 Kf7 99. Bd3 Ne7 100. Nd1 Nc8 101. Ne3 Ne7 102. Be2 1/2-1/2

[Event "World Corporate East B"]
[Site "Chess.com INT"]
[Date "2021.02.20"]
[Round "6.6"]
[White "Bryushinin, Alexander"]
[Black "Fischer, Andre"]
[Result "1-0"]
[WhiteElo "2169"]
[BlackElo "2279"]
[PlyCount "73"]
[EventDate "2021.02.19"]
[EventType "team (rapid)"]
[EventRounds "7"]
[EventCountry "USA"]
[SourceTitle "EXT 2022"]
[Source "ChessBase"]
[SourceDate "2021.10.06"]
[SourceVersion "1"]
[SourceVersionDate "2021.10.06"]
[SourceQuality "1"]
[WhiteTeam "MTS"]
[BlackTeam "Airbus"]
[WhiteTeamCountry "RUS"]
[BlackTeamCountry "GER"]

1. d4 Nf6 2. c4 e6 3. Nf3 c5 4. d5 exd5 5. cxd5 d6 6. Nc3 g6 7. Bf4 a6 8. a4 Bg7 9. h3 0-0 10. e3 Qe7 11. Be2 Nbd7 12. 0-0 Ne8 13. Re1 Rb8 14. a5 f5 15. Ng5 Ndf6 16. Na4 Ne4 17. Ne6 Rf7 18. f3 N4f6 19. Naxc5 Nh5 20. Bh2 f4 21. Nxg7 Nexg7 22. Ne6 fxe3 23. Bc4 Ne8 24. Rxe3 Qh4 25. Re4 Qf6 26. Qe2 Bd7 27. Re1 Rc8 28. b3 Nhg7 29. Nd4 Nc7 30. Kh1 Bf5 31. Nxf5 Nxf5 32. Re6 Nxe6 33. dxe6 Re7 34. Qe4 Ng7 35. Bxd6 Rxc4 36. Qxc4 Rxe6 37. Qc8+ 1-0

[Event "Oberliga Wuerttemberg 1718"]
[Site "Wuerttemberg"]
[Date "2018.03.18"]
[Round "8"]
[White "Balacek, Tadeas"]
[Black "Fischer, Andre"]
[Result "1/2-1/2"]
[WhiteElo "2292"]
[BlackElo "2281"]
[PlyCount "71"]
[EventDate "2017.09.17"]
[EventType "team-tourn"]
[EventRounds "9"]
[EventCountry "GER"]
[SourceTitle "EXT 2019"]
[Source "ChessBase"]
[SourceDate "2018.10.10"]
[SourceVersion "1"]
[SourceVersionDate "2018.10.10"]
[SourceQuality "1"]
[WhiteTeam "Weiler im Allgaeu"]
[BlackTeam "Biberach"]
[WhiteTeamCountry "GER"]
[BlackTeamCountry "GER"]

1. d4 Nf6 2. c4 e6 3. g3 c5 4. Nf3 cxd4 5. Nxd4 d5 6. Bg2 e5 7. Nf3 d4 8. 0-0 Nc6 9. e3 Be7 10. exd4 exd4 11. Bf4 Be6 12. Nbd2 0-0 13. Ne5 Rc8 14. Nxc6 bxc6 15. Re1 Qb6 16. Qb3 Bb4 17. Rac1 Nh5 18. Qd3 Nxf4 19. gxf4 Bf5 20. Be4 Bxe4 21. Rxe4 Bxd2 22. Qxd2 c5 23. Rce1 Qg6+ 24. Kh1 Qc6 25. Kg1 f5 26. Re6 Qf3 27. b4 Qg4+ 28. Kf1 Qh3+ 29. Kg1 Qg4+ 30. Kf1 Qh3+ 31. Kg1 Rf6 32. bxc5 Qg4+ 33. Kf1 Qh3+ 34. Kg1 Qg4+ 35. Kf1 Qh3+ 36. Kg1 1/2-1/2

[Event "Bayern-chI Bank Hofmann 21st"]
[Site "Tegernsee"]
[Date "2017.10.31"]
[Round "4"]
[White "Heberla, Bartlomiej"]
[Black "Fischer, Andre"]
[Result "0-1"]
[WhiteElo "2551"]
[BlackElo "2259"]
[PlyCount "78"]
[EventDate "2017.10.28"]
[EventType "swiss"]
[EventRounds "9"]
[EventCountry "GER"]
[SourceTitle "CBM 181 Extra"]
[Source "ChessBase"]
[SourceDate "2017.12.12"]
[SourceVersion "1"]
[SourceVersionDate "2017.12.12"]
[SourceQuality "1"]

1. c4 c5 2. Nf3 Nc6 3. Nc3 g6 4. d4 cxd4 5. Nxd4 Bg7 6. Nc2 Bxc3+ 7. bxc3 d6 8. e4 Nf6 9. f3 Qa5 10. Be2 0-0 11. 0-0 Be6 12. Ne3 Ne5 13. Nd5 Bxd5 14. cxd5 Rac8 15. Bd2 Qc5+ 16. Kh1 Nc4 17. Bxc4 Qxc4 18. Rb1 b6 19. Rb4 Qc7 20. Qe2 Nd7 21. f4 Qb7 22. Rd4 f6 23. h4 Nc5 24. c4 Rf7 25. Rf3 Qd7 26. f5 Kh8 27. Bc3 Rg8 28. g4 Qd8 29. Rd1 Nd7 30. g5 Ne5 31. Bxe5 fxe5 32. fxg6 Rxf3 33. Qxf3 hxg6 34. h5 Qe8 35. hxg6 Qxg6 36. Rd2 Kg7 37. Rf2 Rh8+ 38. Kg1 Qh5 39. Kg2 Qh1+ 0-1

[Event "Oberliga Wuerttemberg 1617"]
[Site "Wuerttemberg"]
[Date "2017.02.05"]
[Round "7.5"]
[White "Stuermer, Robin Gabriel"]
[Black "Fischer, Andre"]
[Result "0-1"]
[WhiteElo "2186"]
[BlackElo "2224"]
[PlyCount "72"]
[EventDate "2016.09.25"]
[EventType "team-tourn"]
[EventRounds "11"]
[EventCountry "GER"]
[SourceTitle "EXT 2019"]
[Source "ChessBase"]
[SourceDate "2018.10.10"]
[SourceVersion "1"]
[SourceVersionDate "2018.10.10"]
[SourceQuality "1"]
[WhiteTeam "Heilbronn"]
[BlackTeam "Biberach"]
[WhiteTeamCountry "GER"]
[BlackTeamCountry "GER"]

1. d4 Nf6 2. c4 e6 3. Nf3 c5 4. g3 cxd4 5. Nxd4 d5 6. Bg2 e5 7. Nf3 d4 8. 0-0 Nc6 9. b4 e4 10. Ng5 Bxb4 11. Nxe4 Nxe4 12. Bxe4 Bh3 13. Qa4 Bxf1 14. Bxc6+ bxc6 15. Qxb4 Bxe2 16. Ba3 Qd7 17. Nc3 dxc3 18. Re1 0-0-0 19. Rb1 Qc7 20. Qa4 Rd1+ 21. Rxd1 Bxd1 22. Qxd1 Qd7 23. Qa4 Rd8 24. Kg2 c5 25. Qa5 Qc6+ 26. Kh3 Qe6+ 27. Kg2 Qe4+ 28. Kh3 Qxc4 29. Qxa7 Qe6+ 30. Kg2 Qc6+ 31. f3 Rd2+ 32. Kg1 Rd1+ 33. Kg2 Rd2+ 34. Kg1 c2 35. Qxf7 Qf6 36. Qe8+ Kc7 0-1

[Event "Oberliga Wuerttemberg 1516"]
[Site "Wuerttemberg"]
[Date "2015.10.11"]
[Round "2.2"]
[White "Lukovic, Vladimir"]
[Black "Fischer, Andre"]
[Result "1/2-1/2"]
[WhiteElo "2242"]
[BlackElo "2179"]
[PlyCount "86"]
[EventDate "2015.09.20"]
[EventType "team-tourn"]
[EventRounds "9"]
[EventCountry "GER"]
[SourceTitle "EXT 2019"]
[Source "ChessBase"]
[SourceDate "2018.10.10"]
[SourceVersion "1"]
[SourceVersionDate "2018.10.10"]
[SourceQuality "1"]
[WhiteTeam "Jedesheim"]
[BlackTeam "Biberach"]
[WhiteTeamCountry "GER"]
[BlackTeamCountry "GER"]

1. e4 c5 2. Nf3 d6 3. d4 Nf6 4. Nc3 cxd4 5. Qxd4 Bd7 6. h3 Nc6 7. Qe3 e5 8. Be2 Be7 9. b3 0-0 10. Bb2 Rc8 11. 0-0 h6 12. Rfd1 a6 13. a3 Be6 14. Rac1 Nd7 15. Nd5 f5 16. exf5 Bxf5 17. c4 Rf7 18. b4 Bf8 19. Bd3 Ne7 20. Nxe7+ Qxe7 21. Bxf5 Rxf5 22. Qe4 Rf4 23. Qxb7 Rfxc4 24. Rxc4 Rxc4 25. Qxa6 Qf7 26. Qb7 e4 27. Nd4 d5 28. Nb5 Rc2 29. Bd4 Qh5 30. g4 Qf7 31. Nc3 e3 32. Rf1 Bd6 33. Nxd5 e2 34. Re1 Rd2 35. Qc8+ Kh7 36. Qc3 Rd1 37. Qc2+ Qg6 38. Qxg6+ Kxg6 39. Bc3 Rxd5 40. Rxe2 Rd3 41. Rd2 Rxd2 42. Bxd2 Ne5 43. Bc3 Nd3 1/2-1/2

[Event "Zuerich op-A 38th"]
[Site "Zuerich"]
[Date "2014.12.27"]
[Round "2"]
[White "Fischer, Andre"]
[Black "Meier, Georg"]
[Result "0-1"]
[WhiteElo "2249"]
[BlackElo "2640"]
[PlyCount "84"]
[EventDate "2014.12.26"]
[EventType "swiss"]
[EventRounds "7"]
[EventCountry "SUI"]
[SourceTitle "CBM 164 Extra"]
[Source "ChessBase"]
[SourceDate "2015.03.02"]
[SourceVersion "1"]
[SourceVersionDate "2015.03.02"]
[SourceQuality "1"]

1. c4 b6 2. d4 e6 3. Nc3 Bb4 4. Qc2 Bb7 5. a3 Bxc3+ 6. Qxc3 Nf6 7. Bg5 h6 8. Bh4 g5 9. Bg3 Ne4 10. Qc2 c5 11. Be5 f6 12. Bxb8 Rxb8 13. e3 f5 14. f3 Nf6 15. Bd3 Qc7 16. Ne2 g4 17. Kf2 cxd4 18. Nxd4 f4 19. Qd2 0-0 20. Nb5 Qc5 21. b4 fxe3+ 22. Qxe3 gxf3 23. Qxc5 bxc5 24. gxf3 Ng4+ 25. Kg3 Ne5 26. Be2 a6 27. Nd6 Bxf3 28. Rhe1 cxb4 29. Bxf3 Rxf3+ 30. Kg2 Rd3 31. axb4 Rxd6 32. Rxe5 Rxb4 33. c5 Rc6 34. Rd1 Rb7 35. Kf3 Kf7 36. h4 a5 37. Rd4 Kf6 38. Rh5 Kg6 39. Re5 Rbc7 40. Ra4 Rxc5 41. Rxa5 Rxa5 42. Rxa5 d5 0-1

[Event "BL2-Sued 1112"]
[Site "Germany"]
[Date "2012.01.15"]
[Round "5.3"]
[White "Fischer, Andre"]
[Black "Mutschnik, Illya"]
[Result "1/2-1/2"]
[WhiteElo "2227"]
[BlackElo "2452"]
[PlyCount "31"]
[EventDate "2011.10.02"]
[EventType "team-tourn"]
[EventRounds "9"]
[EventCountry "GER"]
[SourceTitle "EXT 2015"]
[Source "ChessBase"]
[SourceDate "2014.11.20"]
[SourceVersion "1"]
[SourceVersionDate "2014.11.20"]
[SourceQuality "1"]
[WhiteTeam "Bebenhausen"]
[BlackTeam "Baden-Baden II"]
[WhiteTeamCountry "GER"]
[BlackTeamCountry "GER"]

1. e4 c5 2. c3 Nf6 3. e5 Nd5 4. d4 cxd4 5. Nf3 Nc6 6. Bc4 e6 7. cxd4 d6 8. 0-0 Be7 9. a3 0-0 10. Re1 Bd7 11. Qd3 Rc8 12. Bxd5 exd5 13. Nc3 Be6 14. Bf4 dxe5 15. Nxe5 Nxe5 16. Bxe5 1/2-1/2

[Event "BL2-Sued 1112"]
[Site "Germany"]
[Date "2011.11.21"]
[Round "3.3"]
[White "Fischer, Andre"]
[Black "Schlindwein, Rolf"]
[Result "0-1"]
[WhiteElo "2227"]
[BlackElo "2412"]
[PlyCount "130"]
[EventDate "2011.10.02"]
[EventType "team-tourn"]
[EventRounds "9"]
[EventCountry "GER"]
[SourceTitle "EXT 2015"]
[Source "ChessBase"]
[SourceDate "2014.11.20"]
[SourceVersion "1"]
[SourceVersionDate "2014.11.20"]
[SourceQuality "1"]
[WhiteTeam "Bebenhausen"]
[BlackTeam "Untergrombach"]
[WhiteTeamCountry "GER"]
[BlackTeamCountry "GER"]

1. e4 e5 2. Nf3 Nc6 3. Bb5 Nf6 4. d3 Ne7 5. 0-0 c6 6. Bc4 Ng6 7. Re1 Be7 8. d4 d6 9. Bb3 0-0 10. Nbd2 Qc7 11. a4 h6 12. c3 Re8 13. Nf1 Bf8 14. Bc2 Bd7 15. Ng3 Nf4 16. h3 g6 17. Be3 h5 18. Qd2 Bh6 19. Ne2 Nxe2+ 20. Rxe2 Bg7 21. dxe5 dxe5 22. Bc5 Rad8 23. Bd6 Qc8 24. Bxe5 Bxh3 25. Qf4 Qg4 26. Qg3 Rxe5 27. gxh3 Qxg3+ 28. fxg3 Re7 29. e5 Bh6 30. Rae1 Nd5 31. e6 f5 32. Kf2 Kg7 33. Bb3 Nf6 34. Bc2 Rd6 35. Nd4 h4 36. gxh4 c5 37. Nf3 Nh5 38. Rd1 Rxd1 39. Bxd1 Nf4 40. Rc2 Rxe6 41. Be2 Nxh3+ 42. Kg3 Nf4 43. Bf1 Kf6 44. Kf2 Re4 45. b3 Nd5 46. c4 Be3+ 47. Kg3 Rg4+ 48. Kh3 Nf4+ 49. Kh2 Ne6 50. Re2 Bf4+ 51. Kh1 Nd4 52. Nxd4 Rxh4+ 53. Kg2 cxd4 54. Re8 Bd6 55. Rd8 Ke6 56. c5 Bxc5 57. Bc4+ Kf6 58. Rd7 a5 59. Rxb7 Rg4+ 60. Kf3 Re4 61. Rb5 Re3+ 62. Kf2 Bb4 63. Rb6+ Kg7 64. Rb7+ Re7 65. Rb6 d3 0-1

[Event "BL2-Sued 1112"]
[Site "Germany"]
[Date "2011.10.23"]
[Round "2.3"]
[White "Kuklin, Valentin"]
[Black "Fischer, Andre"]
[Result "1-0"]
[WhiteElo "2340"]
[BlackElo "2227"]
[PlyCount "111"]
[EventDate "2011.10.02"]
[EventType "team-tourn"]
[EventRounds "9"]
[EventCountry "GER"]
[SourceTitle "EXT 2015"]
[Source "ChessBase"]
[SourceDate "2014.11.20"]
[SourceVersion "1"]
[SourceVersionDate "2014.11.20"]
[SourceQuality "1"]
[WhiteTeam "Saarbruecken"]
[BlackTeam "Bebenhausen"]
[WhiteTeamCountry "GER"]
[BlackTeamCountry "GER"]

1. e4 c5 2. Nc3 d6 3. g3 Nc6 4. Bg2 g6 5. d3 Bg7 6. Be3 Rb8 7. Qd2 b5 8. Nge2 b4 9. Nd1 Nd4 10. 0-0 e5 11. Nc1 Nf6 12. c3 bxc3 13. bxc3 Ne6 14. Bh6 Nh5 15. Bxg7 Nhxg7 16. Ne3 0-0 17. f4 exf4 18. gxf4 f5 19. Ne2 Kh8 20. Rae1 Nh5 21. Nd5 Ba6 22. c4 Qd7 23. Ng3 Nxg3 24. hxg3 Rbe8 25. e5 dxe5 26. Rxe5 Nd4 27. Rfe1 Nc6 28. Rxe8 Rxe8 29. Qc3+ Nd4 30. Rxe8+ Qxe8 31. Qa5 Qc8 32. Nc7 Bb7 33. Qxc5 Ne2+ 34. Kf2 Bxg2 35. Kxg2 Nc1 36. Qe5+ Kg8 37. Qd5+ Kg7 38. Ne6+ Kf6 39. Qe5+ Ke7 40. Nc5+ Kf7 41. Qd5+ Ke7 42. a4 Na2 43. d4 Nb4 44. Qe5+ Kf7 45. Kh2 Qe8 46. d5 Qxe5 47. fxe5 Nc2 48. e6+ Ke7 49. Nd3 Ne3 50. Ne5 Kd6 51. Kg1 a5 52. c5+ Ke7 53. Nc6+ Kf6 54. e7 Kf7 55. d6 Ke8 56. Nxa5 1-0

[Event "Oberliga Wuerttemberg 0910"]
[Site "Wuerttemberg"]
[Date "2010.04.11"]
[Round "9.5"]
[White "Fischer, Andre"]
[Black "Haecker, Johannes"]
[Result "1-0"]
[WhiteElo "2205"]
[BlackElo "2082"]
[PlyCount "119"]
[EventDate "2009.10.11"]
[EventType "team-tourn"]
[EventRounds "9"]
[EventCountry "GER"]
[SourceTitle "EXT 2019"]
[Source "ChessBase"]
[SourceDate "2018.10.10"]
[SourceVersion "1"]
[SourceVersionDate "2018.10.10"]
[SourceQuality "1"]
[WhiteTeam "Bebenhausen"]
[BlackTeam "Stuttgart Wolfbusch"]
[WhiteTeamCountry "GER"]
[BlackTeamCountry "GER"]

1. e4 c5 2. c3 d5 3. exd5 Qxd5 4. d4 Nf6 5. Nf3 Bg4 6. Be2 e6 7. h3 Bh5 8. 0-0 Nc6 9. Be3 cxd4 10. cxd4 Be7 11. Nc3 Qa5 12. a3 0-0 13. Qb3 Qc7 14. Rac1 Rfd8 15. Rfd1 Nd5 16. Nxd5 exd5 17. g4 Bg6 18. Ne5 Bd6 19. Nxg6 hxg6 20. Bf3 Bf4 21. Rc5 Re8 22. Bxf4 Qxf4 23. Rxd5 Re7 24. Kg2 Rae8 25. Qd3 Kf8 26. Rc5 Qd6 27. Qc4 Nd8 28. d5 f6 29. Rc8 Nf7 30. Rxe8+ Rxe8 31. Qc2 Ne5 32. Be4 g5 33. Bf5 Rd8 34. Be6 g6 35. Rc1 Rb8 36. h4 Ke7 37. h5 Kf8 38. h6 Ke7 39. Qc7+ Qxc7 40. Rxc7+ Kd6 41. Rg7 Rh8 42. h7 a5 43. Rxb7 Nd3 44. Bg8 Nf4+ 45. Kf3 Nxd5 46. Ra7 Nc7 47. Rxc7 Kxc7 48. Ke4 Kd6 49. b4 axb4 50. axb4 Kc6 51. Kd4 Kb5 52. Kc3 Kb6 53. Kc4 Kc6 54. b5+ Kd6 55. Kd4 f5 56. f3 Kc7 57. Ke5 fxg4 58. fxg4 Kb6 59. Kf6 Kxb5 60. Kxg5 1-0

[Event "SUI-chT"]
[Site "Switzerland"]
[Date "2009.09.06"]
[Round "7.6"]
[White "Moor, Roger"]
[Black "Fischer, Andre"]
[Result "1-0"]
[WhiteElo "2337"]
[BlackElo "2226"]
[PlyCount "89"]
[EventDate "2009.02.22"]
[EventType "team-tourn"]
[EventRounds "9"]
[EventCountry "SUI"]
[SourceTitle "EXT 2011"]
[Source "ChessBase"]
[SourceDate "2010.11.26"]
[SourceVersion "1"]
[SourceVersionDate "2010.11.26"]
[SourceQuality "1"]
[WhiteTeam "Wollishofen"]
[BlackTeam "Bodan"]
[WhiteTeamCountry "SUI"]
[BlackTeamCountry "SUI"]

1. Nf3 d5 2. c4 c6 3. g3 Nf6 4. Bg2 dxc4 5. 0-0 g6 6. Qc2 Qd5 7. Nc3 Qa5 8. Nd1 b5 9. b3 cxb3 10. Qxb3 Bg7 11. Bb2 Bb7 12. a4 0-0 13. axb5 Qxb5 14. Nd4 Qb6 15. Ne3 Nfd7 16. Nc4 Qxb3 17. Nxb3 Bxb2 18. Nxb2 a6 19. d4 Ra7 20. Nd3 Bc8 21. Rfc1 Nf6 22. Na5 Bf5 23. Nb4 Rd7 24. e3 Be6 25. Naxc6 Nxc6 26. Rxc6 a5 27. Rxa5 Rb8 28. Nd3 Bd5 29. Bxd5 Nxd5 30. Ne5 Rdd8 31. Rcc5 Rb1+ 32. Kg2 Nf6 33. Rc7 Nd5 34. Rcc5 Nf6 35. Kf3 Rdb8 36. Rc7 R1b7 37. Ra7 Rxa7 38. Rxa7 Re8 39. e4 h5 40. d5 Kg7 41. h3 Nh7 42. Ke3 Nf8 43. Nc6 e5 44. f4 exf4+ 45. gxf4 1-0

[Event "SUI-chT"]
[Site "Switzerland"]
[Date "2009.05.10"]
[Round "4.4"]
[White "Fischer, Andre"]
[Black "Sermier, Guillaume"]
[Result "0-1"]
[WhiteElo "2226"]
[BlackElo "2397"]
[PlyCount "66"]
[EventDate "2009.02.22"]
[EventType "team-tourn"]
[EventRounds "9"]
[EventCountry "SUI"]
[SourceTitle "EXT 2011"]
[Source "ChessBase"]
[SourceDate "2010.11.26"]
[SourceVersion "1"]
[SourceVersionDate "2010.11.26"]
[SourceQuality "1"]
[WhiteTeam "Bodan"]
[BlackTeam "Joueur"]
[WhiteTeamCountry "SUI"]
[BlackTeamCountry "SUI"]

1. e4 e6 2. d4 d5 3. Nc3 Bb4 4. e5 Ne7 5. a3 Bxc3+ 6. bxc3 c5 7. Nf3 Qc7 8. a4 b6 9. Bb5+ Bd7 10. 0-0 Bxb5 11. axb5 a5 12. Ba3 Nd7 13. Ng5 h6 14. Qh5 0-0 15. Nf3 f6 16. exf6 Rxf6 17. dxc5 Nxc5 18. Nd2 Rc8 19. Qe2 Ng6 20. c4 Nf4 21. Qe1 Qf7 22. g3 Qg6 23. Kh1 Nh3 24. Bb2 Rf7 25. Bd4 Qxc2 26. Bxc5 Rxc5 27. Rc1 Qf5 28. f4 dxc4 29. Qe4 c3 30. Qxf5 exf5 31. Nf3 g5 32. Kg2 g4 33. Ne5 Rfc7 0-1

[Event "Oberliga Wuerttemberg 0809"]
[Site "Wuerttemberg"]
[Date "2009.03.29"]
[Round "9.4"]
[White "Schmid, Hartmut"]
[Black "Fischer, Andre"]
[Result "0-1"]
[WhiteElo "2021"]
[BlackElo "2194"]
[PlyCount "104"]
[EventDate "2008.10.12"]
[EventType "team-tourn"]
[EventRounds "9"]
[EventCountry "GER"]
[SourceTitle "EXT 2019"]
[Source "ChessBase"]
[SourceDate "2018.10.10"]
[SourceVersion "1"]
[SourceVersionDate "2018.10.10"]
[SourceQuality "1"]
[WhiteTeam "Stuttgart SF II"]
[BlackTeam "Bebenhausen"]
[WhiteTeamCountry "GER"]
[BlackTeamCountry "GER"]

1. e4 c5 2. Nf3 d6 3. d4 cxd4 4. Nxd4 Nf6 5. Nc3 a6 6. a4 e5 7. Nf3 Be7 8. Be2 0-0 9. 0-0 h6 10. Be3 Be6 11. Qd2 Nc6 12. Rad1 Rc8 13. Ne1 Nb4 14. f4 exf4 15. Bxf4 d5 16. Bf3 dxe4 17. Nxe4 Nfd5 18. Be5 Nc6 19. Bc3 Nxc3 20. Qxc3 Qb6+ 21. Kh1 Na5 22. Qe5 Nc4 23. Qd4 Qxd4 24. Rxd4 Nxb2 25. Nd2 Rfd8 26. Rxd8+ Rxd8 27. Nb3 Bd5 28. a5 Nc4 29. Nd3 Ne3 30. Bxd5 Rxd5 31. Re1 Nxc2 32. Nf4 Rd7 33. Rc1 Nb4 34. g3 Nc6 35. Kg2 Kf8 36. h4 Bb4 37. Ra1 Bc3 38. Ra2 Bb4 39. Ra1 g6 40. Ra4 Be7 41. Rc4 Rd1 42. Ne2 Rb1 43. Ned4 Nxd4 44. Nxd4 Rb4 45. Rc8+ Kg7 46. Ne2 Rb5 47. Kf3 Bf6 48. Nf4 Rxa5 49. Rc7 b6 50. Ke4 Be5 51. Rb7 Bxf4 52. gxf4 Rb5 0-1

[Event "SUI-chT"]
[Site "Switzerland"]
[Date "2009.02.22"]
[Round "1.7"]
[White "Toth, Bela"]
[Black "Fischer, Andre"]
[Result "1-0"]
[WhiteElo "2311"]
[BlackElo "2226"]
[PlyCount "93"]
[EventDate "2009.02.22"]
[EventType "team-tourn"]
[EventRounds "9"]
[EventCountry "SUI"]
[SourceTitle "EXT 2011"]
[Source "ChessBase"]
[SourceDate "2010.11.26"]
[SourceVersion "1"]
[SourceVersionDate "2010.11.26"]
[SourceQuality "1"]
[WhiteTeam "Riehen"]
[BlackTeam "Bodan"]
[WhiteTeamCountry "SUI"]
[BlackTeamCountry "SUI"]

1. d4 Nf6 2. c4 c5 3. d5 b5 4. cxb5 a6 5. bxa6 g6 6. g3 d6 7. Bg2 Bg7 8. Nf3 Nxa6 9. Nc3 Bb7 10. 0-0 0-0 11. e4 Nd7 12. Re1 Qa5 13. Bg5 Rfe8 14. Qd2 Nc7 15. Bh6 Bh8 16. Bf1 Ba6 17. Bxa6 Qxa6 18. Bf4 f6 19. h4 Nb5 20. Kg2 Nxc3 21. Qxc3 Reb8 22. Qc2 Rb4 23. Bd2 Ra4 24. a3 Qb5 25. Bc3 Nb6 26. Rad1 R4a7 27. h5 g5 28. Nh2 Na4 29. Ng4 Bg7 30. Ne3 Nxc3 31. bxc3 Rxa3 32. c4 Qe8 33. Qe2 Ra2 34. Qg4 h6 35. Rb1 f5 36. Nxf5 Qf7 37. Rb7 Re8 38. Re2 Rxe2 39. Qxe2 Qf6 40. Qg4 Qe5 41. Ne3 e6 42. dxe6 Rxe6 43. f3 d5 44. cxd5 Ra6 45. Rxg7+ Kxg7 46. Qd7+ Kf6 47. Ng4# 1-0

[Event "Oberliga Wuerttemberg 0708"]
[Site "Wuerttemberg"]
[Date "2007.11.04"]
[Round "3.8"]
[White "Fischer, Andre"]
[Black "Mueller, Arnd"]
[Result "1/2-1/2"]
[WhiteElo "2196"]
[BlackElo "2151"]
[PlyCount "39"]
[EventDate "2007.10.07"]
[EventType "team-tourn"]
[EventRounds "9"]
[EventCountry "GER"]
[SourceTitle "EXT 2018"]
[Source "ChessBase"]
[SourceDate "2017.10.13"]
[SourceVersion "1"]
[SourceVersionDate "2017.10.13"]
[SourceQuality "1"]
[WhiteTeam "Bebenhausen"]
[BlackTeam "Schwaebisch Gmuend"]
[WhiteTeamCountry "GER"]
[BlackTeamCountry "GER"]

1. e4 d5 2. exd5 Qxd5 3. Nc3 Qa5 4. d4 c6 5. Bc4 Bf5 6. Bd2 Qc7 7. Qe2 Nf6 8. Nf3 e6 9. 0-0-0 Nbd7 10. Nh4 Bg6 11. Nxg6 hxg6 12. d5 Nxd5 13. Nxd5 cxd5 14. Bxd5 0-0-0 15. Bf3 Be7 16. Bc3 Bf6 17. Bxf6 Nxf6 18. Qe3 Kb8 19. h3 Qa5 20. Qb3 1/2-1/2

[Event "Oberliga Wuerttemberg 0708"]
[Site "Wuerttemberg"]
[Date "2007.10.21"]
[Round "2.8"]
[White "Koppenhoefer, Bernhard"]
[Black "Fischer, Andre"]
[Result "1-0"]
[WhiteElo "2121"]
[BlackElo "2196"]
[PlyCount "49"]
[EventDate "2007.10.07"]
[EventType "team-tourn"]
[EventRounds "9"]
[EventCountry "GER"]
[SourceTitle "EXT 2018"]
[Source "ChessBase"]
[SourceDate "2017.10.13"]
[SourceVersion "1"]
[SourceVersionDate "2017.10.13"]
[SourceQuality "1"]
[WhiteTeam "Tuebingen"]
[BlackTeam "Bebenhausen"]
[WhiteTeamCountry "GER"]
[BlackTeamCountry "GER"]

1. d4 c5 2. c3 e6 3. Nf3 d5 4. Bg5 Nf6 5. e3 Be7 6. dxc5 Bxc5 7. Nbd2 Nc6 8. Be2 0-0 9. 0-0 a5 10. Nb3 Be7 11. Nbd4 h6 12. Bh4 Ne4 13. Bxe7 Qxe7 14. c4 Rd8 15. cxd5 exd5 16. Rc1 Qb4 17. Rxc6 bxc6 18. Nxc6 Qb6 19. Nxd8 Qxd8 20. Qd4 Be6 21. Rd1 Qc7 22. Bd3 Rb8 23. a3 Qb7 24. Nd2 Qxb2 25. Rb1 1-0

[Event "Wuerttemberg-ch MT"]
[Site "Tuebingen"]
[Date "2007.09.01"]
[Round "8"]
[White "Fischer, Andre"]
[Black "Weber, Klaus"]
[Result "1-0"]
[WhiteElo "2169"]
[BlackElo "2179"]
[PlyCount "99"]
[EventDate "2007.08.25"]
[EventType "swiss"]
[EventRounds "9"]
[EventCountry "GER"]
[SourceTitle "CBM 120 Extra"]
[Source "ChessBase"]
[SourceDate "2007.11.01"]
[SourceVersion "1"]
[SourceVersionDate "2007.11.01"]
[SourceQuality "1"]

1. e4 d5 2. exd5 Nf6 3. c4 c6 4. d4 cxd5 5. Nc3 e6 6. Nf3 Bb4 7. cxd5 Nxd5 8. Bd2 0-0 9. Bd3 Nf6 10. 0-0 Nc6 11. Bg5 h6 12. Be3 Bxc3 13. bxc3 Qa5 14. Qc2 b6 15. a3 Bb7 16. Rfb1 Qh5 17. Rb5 Nd5 18. c4 Nxe3 19. fxe3 Qg4 20. Qf2 g5 21. h3 Qh5 22. Nxg5 hxg5 23. Qf6 e5 24. d5 Qh8 25. Qxg5+ Qg7 26. Qxg7+ Kxg7 27. dxc6 Bxc6 28. Rxe5 Rad8 29. Be4 Rfe8 30. Rg5+ Kh6 31. Bxc6 Kxg5 32. Bxe8 Rxe8 33. Kf2 Rc8 34. Rc1 Rc5 35. Ke2 Ra5 36. Rc3 f5 37. Kf3 Rc5 38. e4 b5 39. Ke3 Re5 40. c5 Rxe4+ 41. Kd3 Re8 42. c6 Rd8+ 43. Ke3 Kf6 44. c7 Rc8 45. Kf4 a6 46. Rc6+ Ke7 47. Kxf5 Kd7 48. Rc3 Rxc7 49. Rxc7+ Kxc7 50. Ke4 1-0